[Event "Baku ol (Men) 42nd"]
[Site "Baku"]
[Date "2016.09.09"]
[Round "7.1"]
[White "Amonatov, Farrukh"]
[Black "Hansen, Sune Berg"]
[Result "1-0"]
[WhiteElo "2610"]
[BlackElo "2595"]
[PlyCount "57"]
[EventDate "2016.09.02"]
[EventType "team-swiss"]
[EventRounds "11"]
[EventCountry "AZE"]
[SourceTitle "EXT 2017"]
[Source "ChessBase"]
[SourceDate "2016.10.25"]
[WhiteTeam "Tajikistan"]
[BlackTeam "Denmark"]
[WhiteTeamCountry "TJK"]
[BlackTeamCountry "DEN"]

1. e4 e5 2. Nf3 Nc6 3. Bb5 a6 4. Ba4 Nf6 5. O-O Nxe4 6. d4 b5 7. Bb3 d5 8. dxe5
Be6 9. c3 Bc5 10. Nbd2 O-O 11. Bc2 Nxf2 12. Rxf2 f6 13. exf6 Bxf2+ 14. Kxf2
Qxf6 15. Kg1 Rae8 16. h3 Bxh3 17. Nf1 Ne5 18. N1h2 Qb6+ 19. Nd4 Bg4 20. Nxg4
Nxg4 21. Bg5 h5 22. Qd3 Re4 23. b4 Qd6 24. Qh3 Qe5 25. Bxe4 Qxg5 26. Bh7+ Kh8
27. Ne6 Qf6 28. Bf5 Qxf5 29. Nxf8 1-0

[Event "Baku ol (Men) 42nd"]
[Site "Baku"]
[Date "2016.09.09"]
[Round "7.2"]
[White "Glud, Jakob Vang"]
[Black "Khusenkhojaev, Muhammad"]
[Result "1/2-1/2"]
[WhiteElo "2526"]
[BlackElo "2436"]
[PlyCount "205"]
[EventDate "2016.09.02"]
[EventType "team-swiss"]
[EventRounds "11"]
[EventCountry "AZE"]
[SourceTitle "EXT 2017"]
[Source "ChessBase"]
[SourceDate "2016.10.25"]
[WhiteTeam "Denmark"]
[BlackTeam "Tajikistan"]
[WhiteTeamCountry "DEN"]
[BlackTeamCountry "TJK"]

1. c4 Nf6 2. Nc3 d5 3. cxd5 Nxd5 4. g3 Nxc3 5. bxc3 g6 6. Bg2 c5 7. Nf3 Bg7 8.
O-O Nc6 9. Rb1 O-O 10. Qa4 Qc7 11. Qh4 Ne5 12. Nxe5 Bxe5 13. d4 cxd4 14. cxd4
Bf6 15. Bg5 Bxg5 16. Qxg5 Rb8 17. Rfc1 Qd6 18. Qc5 Rd8 19. Qxa7 Bg4 20. e3 Ra8
21. Qxb7 Rxa2 22. Qc7 Qxc7 23. Rxc7 Rd7 24. Rc5 Rda7 25. h3 Bf5 26. Rbc1 h5 27.
Rc7 Kg7 28. Bd5 R2a5 29. Rxa7 Rxa7 30. Kg2 Bd7 31. Rc5 Kf6 32. h4 Bg4 33. f3
Bd7 34. Kf2 e6 35. Bc4 Ra3 36. Rc7 Rc3 37. Rc5 Rc2+ 38. Be2 Rd2 39. Ke1 Rb2 40.
e4 Ba4 41. Ra5 Rb4 42. e5+ Kg7 43. d5 exd5 44. Rxd5 Rb2 45. Kf2 Bb3 46. Rd4 Be6
47. Ke3 Rb3+ 48. Kf4 Ra3 49. Bd3 Ra1 50. Be4 Rg1 51. Rb4 Rg2 52. Rb6 Kh6 53.
Rd6 Kg7 54. Bc6 Re2 55. Be8 Re1 56. Bb5 Rg1 57. Ba4 Rg2 58. Bd1 Rg1 59. Rd4 Kh6
60. Be2 Rg2 61. Bc4 Bxc4 62. Rxc4 Re2 63. Rc8 Kg7 64. Re8 Re1 65. Re7 Kf8 66.
Ra7 Kg7 67. Ra3 Kh6 68. Re3 Rg1 69. Re2 Kg7 70. Ra2 Re1 71. Ra3 Re2 72. Ra4 Re1
73. Re4 Rg1 74. Ke3 Re1+ 75. Kf4 Rg1 76. Re2 Kh6 77. e6 fxe6 78. Rxe6 Ra1 79.
Re4 Rb1 80. Re7 Rb4+ 81. Ke3 Rb3+ 82. Kf2 Rb2+ 83. Kg1 Ra2 84. Kf1 Rb2 85. Re2
Rb3 86. Kg2 Ra3 87. Re7 Ra2+ 88. Kh3 Ra3 89. Rf7 Rb3 90. g4 hxg4+ 91. Kxg4 Rb4+
92. Kg3 Ra4 93. Rc7 Rb4 94. Rc5 Ra4 95. Rc6 Rb4 96. f4 Rb5 97. Kg4 Ra5 98. Re6
Rb5 99. Kf3 Rh5 100. Re8 Ra5 101. Kg4 Rb5 102. Re5 Rb1 103. Rg5 1/2-1/2

[Event "Baku ol (Men) 42nd"]
[Site "Baku"]
[Date "2016.09.09"]
[Round "7.3"]
[White "Khusenkhojaev, Mustafokhuja"]
[Black "Rasmussen, Allan Stig"]
[Result "0-1"]
[WhiteElo "2212"]
[BlackElo "2522"]
[PlyCount "74"]
[EventDate "2016.09.02"]
[EventType "team-swiss"]
[EventRounds "11"]
[EventCountry "AZE"]
[SourceTitle "EXT 2017"]
[Source "ChessBase"]
[SourceDate "2016.10.25"]
[WhiteTeam "Tajikistan"]
[BlackTeam "Denmark"]
[WhiteTeamCountry "TJK"]
[BlackTeamCountry "DEN"]

1. d4 Nf6 2. c4 c5 3. d5 e5 4. Nc3 d6 5. e4 Nbd7 6. Bd3 Be7 7. Nge2 h5 8. h3 a6
9. Be3 h4 10. Rb1 Nh7 11. Qa4 Bg5 12. Nd1 O-O 13. Bxg5 Nxg5 14. Ne3 Nf6 15. Qc2
g6 16. a3 Nh5 17. Ng4 Kg7 18. f4 exf4 19. Qc3+ f6 20. Rf1 Qe7 21. Qc2 f5 22.
Qc3+ Kh7 23. exf5 Bxf5 24. Kd2 Ne4+ 25. Bxe4 Bxe4 26. Rbe1 Qg5 27. Ng1 Bxg2 28.
Rf2 Rae8 29. Re6 Rxe6 30. dxe6 Ng3 31. Nf3 Ne4+ 32. Kc1 Qe7 33. Qe1 Nxf2 34.
Qxf2 Bxh3 35. Ne3 Bxe6 36. Ng2 h3 37. Ngh4 Bf5 0-1

[Event "Baku ol (Men) 42nd"]
[Site "Baku"]
[Date "2016.09.09"]
[Round "7.4"]
[White "Schandorff, Lars"]
[Black "Karimov, Alisher"]
[Result "1-0"]
[WhiteElo "2515"]
[BlackElo "2119"]
[PlyCount "133"]
[EventDate "2016.09.02"]
[EventType "team-swiss"]
[EventRounds "11"]
[EventCountry "AZE"]
[SourceTitle "EXT 2017"]
[Source "ChessBase"]
[SourceDate "2016.10.25"]
[WhiteTeam "Denmark"]
[BlackTeam "Tajikistan"]
[WhiteTeamCountry "DEN"]
[BlackTeamCountry "TJK"]

1. Nf3 Nf6 2. g3 b6 3. Bg2 Bb7 4. O-O c5 5. c4 e6 6. Nc3 Be7 7. d4 cxd4 8. Qxd4
a6 9. Be3 Bc5 10. Qd3 Bxe3 11. Qxe3 O-O 12. Rfd1 Qc7 13. Rac1 d6 14. Qd4 Ne8
15. Ng5 Bxg2 16. Kxg2 Nc6 17. Qd3 g6 18. b3 Rd8 19. Kg1 Ne5 20. Qe3 Ng7 21. Na4
Nd7 22. Qf4 Ne5 23. Qe3 Nd7 24. Qf4 Ne5 25. Ne4 f5 26. Ng5 h6 27. Nf3 Nf7 28.
Qe3 Rb8 29. h4 e5 30. Nc3 Ne6 31. Nd5 Qd8 32. b4 g5 33. hxg5 Nfxg5 34. Nxg5
Nxg5 35. Kg2 Rb7 36. Rh1 f4 37. Qd3 e4 38. Qd4 fxg3 39. fxg3 Kh7 40. Nf4 Rf6
41. Rh5 Qf8 42. Rxg5 hxg5 43. Qxe4+ Kg8 44. Qxb7 gxf4 45. Qd5+ Kg7 46. Rf1 Qe7
47. Qg5+ Kf7 48. Qh5+ Kg7 49. Qg4+ Rg6 50. Qxf4 Qxe2+ 51. Rf2 Qe7 52. Qd4+ Qe5
53. Rf4 Qxd4 54. Rxd4 Kf7 55. Kf3 Ke6 56. Re4+ Kd7 57. g4 Kc6 58. Kf4 Rf6+ 59.
Ke3 Rf1 60. g5 Rg1 61. Kf4 Rf1+ 62. Kg4 b5 63. cxb5+ axb5 64. g6 Kd5 65. Rf4
Ra1 66. Kg5 Rg1+ 67. Kf6 1-0

[Event "Baku ol (Men) 42nd"]
[Site "Baku"]
[Date "2016.09.10"]
[Round "8.1"]
[White "Hansen, Sune Berg"]
[Black "Munkhgal, Gombosuren"]
[Result "1/2-1/2"]
[WhiteElo "2595"]
[BlackElo "2446"]
[PlyCount "118"]
[EventDate "2016.09.02"]
[EventType "team-swiss"]
[EventRounds "11"]
[EventCountry "AZE"]
[SourceTitle "EXT 2017"]
[Source "ChessBase"]
[SourceDate "2016.10.25"]
[WhiteTeam "Denmark"]
[BlackTeam "Mongolia"]
[WhiteTeamCountry "DEN"]
[BlackTeamCountry "MGL"]

1. Nf3 Nf6 2. c4 e6 3. g3 d5 4. Bg2 dxc4 5. Qa4+ Bd7 6. Qxc4 c5 7. Ne5 Qc8 8.
Nc3 Nc6 9. Nxd7 Qxd7 10. Qa4 Rc8 11. O-O Be7 12. a3 Nd5 13. Rb1 Bf6 14. Nxd5
exd5 15. e4 dxe4 16. Qxe4+ Qe7 17. Qxe7+ Kxe7 18. Re1+ Kd8 19. d3 Re8 20. Bf4
g5 21. Rxe8+ Kxe8 22. Re1+ Kf8 23. Bd6+ Be7 24. Bxe7+ Nxe7 25. Bxb7 Rb8 26. Ba6
Rxb2 27. Re5 Ra2 28. Rxg5 Rxa3 29. Bc4 f5 30. g4 fxg4 31. Rxg4 Ng6 32. Rg5 Nh4
33. Rg8+ Ke7 34. Kf1 Nf5 35. Rc8 Kd6 36. Kg2 Ra1 37. Rf8 Nh4+ 38. Kh3 Ng6 39.
Rf7 Rg1 40. Rxa7 h5 41. f3 Ke5 42. Rf7 Rg5 43. Ba6 Kd4 44. Bb7 Ke3 45. Be4 Ne5
46. Rf8 Nxd3 47. Kh4 Rg2 48. Bxd3 Kxd3 49. Kxh5 Rxh2+ 50. Kg5 Rg2+ 51. Kh5 c4
52. f4 c3 53. Rc8 c2 54. f5 Ke4 55. Rc5 Kd4 56. Rc8 Ke5 57. Rc5+ Kf6 58. Kh4
Rg1 59. Rxc2 Kxf5 1/2-1/2

[Event "Baku ol (Men) 42nd"]
[Site "Baku"]
[Date "2016.09.10"]
[Round "8.2"]
[White "Gundavaa, Bayarsaihan"]
[Black "Andersen, Mads"]
[Result "0-1"]
[WhiteElo "2492"]
[BlackElo "2535"]
[PlyCount "80"]
[EventDate "2016.09.02"]
[EventType "team-swiss"]
[EventRounds "11"]
[EventCountry "AZE"]
[SourceTitle "EXT 2017"]
[Source "ChessBase"]
[SourceDate "2016.10.25"]
[WhiteTeam "Mongolia"]
[BlackTeam "Denmark"]
[WhiteTeamCountry "MGL"]
[BlackTeamCountry "DEN"]

1. e4 c5 2. Nf3 d6 3. c3 Nf6 4. Be2 Bd7 5. d3 g6 6. Nbd2 Bg7 7. O-O O-O 8. d4
cxd4 9. cxd4 Nc6 10. a3 Qb6 11. e5 Nd5 12. Bc4 Nc7 13. Ne4 Bg4 14. d5 Nxe5 15.
Be3 Qxb2 16. Ra2 Nxf3+ 17. gxf3 Qe5 18. Ng3 Bd7 19. f4 Qf6 20. Re1 Nb5 21. Qa4
a6 22. Bf1 Rac8 23. Rd2 Qc3 24. f5 Nd4 25. Qd1 Nxf5 26. Bg5 Nxg3 27. hxg3 Bf6
28. Bh6 Rfe8 29. Qb1 b5 30. a4 bxa4 31. Qb7 Qc7 32. Qxa6 Ra8 33. Qd3 Qc3 34.
Qe2 a3 35. Ra2 Qb3 36. Qd2 Bc3 37. Qe3 Qxa2 38. Qxc3 Qb2 39. Qc7 Bf5 40. Qc6
Rec8 0-1

[Event "Baku ol (Men) 42nd"]
[Site "Baku"]
[Date "2016.09.10"]
[Round "8.3"]
[White "Glud, Jakob Vang"]
[Black "Bilguun, Sumiya"]
[Result "1-0"]
[WhiteElo "2526"]
[BlackElo "2444"]
[PlyCount "83"]
[EventDate "2016.09.02"]
[EventType "team-swiss"]
[EventRounds "11"]
[EventCountry "AZE"]
[SourceTitle "EXT 2017"]
[Source "ChessBase"]
[SourceDate "2016.10.25"]
[WhiteTeam "Denmark"]
[BlackTeam "Mongolia"]
[WhiteTeamCountry "DEN"]
[BlackTeamCountry "MGL"]

1. c4 e6 2. g3 d5 3. Nf3 Nf6 4. Bg2 dxc4 5. Qa4+ Nbd7 6. Qxc4 a6 7. Qc2 Bd6 8.
O-O O-O 9. d4 Qe7 10. Nbd2 e5 11. dxe5 Nxe5 12. Nxe5 Bxe5 13. Nc4 Bd4 14. e3
Bc5 15. a3 c6 16. b4 Ba7 17. Bb2 Bg4 18. Na5 Ne8 19. h3 Bh5 20. Qc3 f6 21. g4
Bg6 22. Rad1 Nd6 23. Nxb7 Nxb7 24. Qxc6 Nc5 25. bxc5 Rac8 26. Qxa6 Bxc5 27. a4
f5 28. Qb7 Rc7 29. Qd5+ Kh8 30. Qe5 fxg4 31. hxg4 Ra7 32. Rc1 Bd6 33. Qxe7 Bxe7
34. Bc6 h5 35. gxh5 Bxh5 36. Kg2 Ra5 37. f4 Rd8 38. Bd4 Bf6 39. Bb6 Rd2+ 40.
Rf2 Rad5 41. Bxd5 Rxd5 42. Rc5 1-0

[Event "Baku ol (Men) 42nd"]
[Site "Baku"]
[Date "2016.09.10"]
[Round "8.4"]
[White "Battulga, Namhai"]
[Black "Rasmussen, Allan Stig"]
[Result "0-1"]
[WhiteElo "2402"]
[BlackElo "2522"]
[PlyCount "144"]
[EventDate "2016.09.02"]
[EventType "team-swiss"]
[EventRounds "11"]
[EventCountry "AZE"]
[SourceTitle "EXT 2017"]
[Source "ChessBase"]
[SourceDate "2016.10.25"]
[WhiteTeam "Mongolia"]
[BlackTeam "Denmark"]
[WhiteTeamCountry "MGL"]
[BlackTeamCountry "DEN"]

1. d4 Nf6 2. Nd2 d5 3. c4 e6 4. Ngf3 c5 5. cxd5 exd5 6. dxc5 Bxc5 7. e3 Nc6 8.
a3 O-O 9. b4 Bb6 10. b5 Ne7 11. Bb2 Nf5 12. Bd3 Re8 13. Qb1 Nd6 14. O-O Nfe4
15. Rd1 Bf5 16. Nf1 Qe7 17. Be5 Nc4 18. Bd4 Bg4 19. Be2 Ba5 20. Qb3 Rac8 21.
Ng3 Be6 22. Rdc1 b6 23. Bd3 Nc5 24. Qb1 Nxd3 25. Qxd3 f6 26. h4 Bf7 27. h5 Ne5
28. Qb1 Rxc1+ 29. Qxc1 Qd7 30. Bxe5 fxe5 31. Qc6 Qxc6 32. bxc6 b5 33. Rc1 Bc7
34. Ng5 a6 35. e4 d4 36. Nxf7 Kxf7 37. Kf1 Rc8 38. Ke2 Ke6 39. a4 bxa4 40. Rc4
g6 41. Rxa4 a5 42. Kd3 Rb8 43. Ne2 g5 44. Ng3 Rb2 45. Ne2 Kd6 46. Rc4 Ra2 47.
g4 a4 48. Ng3 Ba5 49. Nf5+ Kc7 50. Rc1 Ra3+ 51. Kc4 Kxc6 52. Ne7+ Kd6 53. Nd5
h6 54. Kb5 Bc3 55. Rc2 Ke6 56. Nc7+ Kd7 57. Nd5 Kd6 58. Rc1 Ra1 59. Rxa1 Bxa1
60. Kxa4 Kc5 61. Kb3 d3 62. Ne3 Kd4 63. Ka2 Bc3 64. Kb3 Ba1 65. Ka2 Bc3 66. Kb3
Ba5 67. Nf5+ Kxe4 68. Nxh6 Kf3 69. Nf5 Kxf2 70. Nd6 d2 71. Ne4+ Ke2 72. Nxd2
Kxd2 0-1

[Event "Baku ol (Men) 42nd"]
[Site "Baku"]
[Date "2016.09.11"]
[Round "9.1"]
[White "Bareev, Evgeny"]
[Black "Hansen, Sune Berg"]
[Result "1/2-1/2"]
[WhiteElo "2675"]
[BlackElo "2595"]
[PlyCount "109"]
[EventDate "2016.09.02"]
[EventType "team-swiss"]
[EventRounds "11"]
[EventCountry "AZE"]
[SourceTitle "EXT 2017"]
[Source "ChessBase"]
[SourceDate "2016.10.25"]
[WhiteTeam "Canada"]
[BlackTeam "Denmark"]
[WhiteTeamCountry "CAN"]
[BlackTeamCountry "DEN"]

1. Nf3 Nf6 2. c4 e6 3. Nc3 d5 4. d4 Be7 5. Bf4 O-O 6. Qc2 c5 7. dxc5 Qa5 8. Nd2
Qxc5 9. e3 Bd7 10. a3 Rc8 11. b4 Qb6 12. Be2 Nc6 13. O-O Qd8 14. Rad1 Qf8 15.
Bg3 d4 16. Nce4 Nxe4 17. Nxe4 f5 18. Nd2 dxe3 19. fxe3 Be8 20. c5 Rd8 21. Nc4
Rxd1 22. Rxd1 a6 23. Bf3 Qf6 24. Qb3 Rd8 25. Rxd8 Nxd8 26. Be5 Qh6 27. Nd6 Bxd6
28. cxd6 Nc6 29. Qc3 Bd7 30. h3 Kf7 31. Kh2 Qg5 32. Bg3 Qf6 33. Qc5 Qd8 34. a4
b6 35. Qc4 Qc8 36. Qh4 Kg8 37. b5 axb5 38. axb5 Nd8 39. e4 Nf7 40. exf5 exf5
41. Be2 g5 42. Qd4 Be6 43. Qxb6 Qd7 44. Bh5 f4 45. Bxf7+ Kxf7 46. Bf2 Bd5 47.
Qc5 Ke6 48. b6 Qxd6 49. Qc8+ Qd7 50. Qh8 Bb7 51. Qg8+ Kf5 52. Qf8+ Kg6 53. Qg8+
Kf5 54. h4 h6 55. hxg5 1/2-1/2

[Event "Baku ol (Men) 42nd"]
[Site "Baku"]
[Date "2016.09.11"]
[Round "9.2"]
[White "Andersen, Mads"]
[Black "Kovalyov, Anton"]
[Result "0-1"]
[WhiteElo "2535"]
[BlackElo "2617"]
[PlyCount "78"]
[EventDate "2016.09.02"]
[EventType "team-swiss"]
[EventRounds "11"]
[EventCountry "AZE"]
[SourceTitle "EXT 2017"]
[Source "ChessBase"]
[SourceDate "2016.10.25"]
[WhiteTeam "Denmark"]
[BlackTeam "Canada"]
[WhiteTeamCountry "DEN"]
[BlackTeamCountry "CAN"]

1. d4 Nf6 2. c4 e6 3. g3 d5 4. Nf3 Be7 5. Bg2 O-O 6. O-O c6 7. Qc2 b6 8. Rd1
Nbd7 9. Bf4 Bb7 10. Ne5 Nxe5 11. dxe5 Nd7 12. cxd5 cxd5 13. e4 Rc8 14. Nc3 d4
15. Rxd4 Bc5 16. Rd2 Bc6 17. Qd1 b5 18. a3 a5 19. Qg4 Kh8 20. h4 Qc7 21. Qe2
Qb8 22. Qh5 b4 23. axb4 Bxb4 24. Rad1 a4 25. Rd3 Bxc3 26. bxc3 a3 27. Ra1 Qb2
28. Qd1 Ba4 29. Qc1 Nc5 30. Rd6 Rb8 31. Kh2 a2 32. Bh6 Qxc1 33. Bxc1 Rb1 34.
Rxa2 Rxc1 35. Ra3 g6 36. f4 Rb8 37. f5 Rc2 38. f6 h5 39. Kh3 Rbb2 0-1

[Event "Baku ol (Men) 42nd"]
[Site "Baku"]
[Date "2016.09.11"]
[Round "9.3"]
[White "Hansen, Eric"]
[Black "Glud, Jakob Vang"]
[Result "1-0"]
[WhiteElo "2582"]
[BlackElo "2526"]
[PlyCount "97"]
[EventDate "2016.09.02"]
[EventType "team-swiss"]
[EventRounds "11"]
[EventCountry "AZE"]
[SourceTitle "EXT 2017"]
[Source "ChessBase"]
[SourceDate "2016.10.25"]
[WhiteTeam "Canada"]
[BlackTeam "Denmark"]
[WhiteTeamCountry "CAN"]
[BlackTeamCountry "DEN"]

1. e4 e5 2. Nf3 Nc6 3. Bb5 a6 4. Ba4 Nf6 5. O-O Be7 6. Re1 b5 7. Bb3 d6 8. c3
O-O 9. h3 Na5 10. Bc2 c5 11. d4 Qc7 12. Nbd2 Bd7 13. Nf1 Nc4 14. b3 Nb6 15. Ne3
c4 16. Ba3 Rfe8 17. Qd2 Bf8 18. Rad1 cxb3 19. axb3 a5 20. dxe5 dxe5 21. Bxf8
Kxf8 22. Nd5 Nbxd5 23. exd5 Qd6 24. c4 a4 25. c5 Qxc5 26. Nxe5 axb3 27. Bxb3
Qd6 28. Qd4 Kg8 29. Re3 Rad8 30. g4 h6 31. Rde1 Re7 32. h4 Rde8 33. g5 hxg5 34.
hxg5 Nh7 35. g6 Ng5 36. gxf7+ Nxf7 37. Nxf7 Qg6+ 38. Kf1 Bh3+ 39. Ke2 Qxf7 40.
Kd1 Rxe3 41. Rxe3 Rxe3 42. fxe3 Qf6 43. d6+ Kh8 44. Qd5 Bg4+ 45. Kc2 Qf2+ 46.
Kb1 Kh7 47. Qe4+ Bf5 48. Qxf5+ Qxf5+ 49. Bc2 1-0

[Event "Baku ol (Men) 42nd"]
[Site "Baku"]
[Date "2016.09.11"]
[Round "9.4"]
[White "Schandorff, Lars"]
[Black "Krnan, Tomas"]
[Result "0-1"]
[WhiteElo "2515"]
[BlackElo "2430"]
[PlyCount "100"]
[EventDate "2016.09.02"]
[EventType "team-swiss"]
[EventRounds "11"]
[EventCountry "AZE"]
[SourceTitle "EXT 2017"]
[Source "ChessBase"]
[SourceDate "2016.10.25"]
[WhiteTeam "Denmark"]
[BlackTeam "Canada"]
[WhiteTeamCountry "DEN"]
[BlackTeamCountry "CAN"]

1. d4 Nf6 2. Nf3 g6 3. g3 Bg7 4. Bg2 O-O 5. c4 d6 6. O-O Nc6 7. Nc3 a6 8. b3
Rb8 9. d5 Na5 10. Bg5 h6 11. Bd2 c5 12. dxc6 Nxc6 13. Rc1 Be6 14. Ne1 Bd7 15.
Nd3 e6 16. c5 Ne5 17. Nxe5 dxe5 18. e4 Bc6 19. Be3 Qa5 20. Qe2 Rbd8 21. f3 Nd7
22. Qc4 Bb5 23. Nxb5 axb5 24. Qc3 b4 25. Qc4 Nb8 26. Rf2 Nc6 27. Bf1 Nd4 28.
Kg2 Rc8 29. Bd2 Qxa2 30. Bxb4 Qxb3 31. Qxb3 Nxb3 32. Rc3 Nd4 33. c6 bxc6 34.
Bxf8 Bxf8 35. Rb2 Rc7 36. Ba6 Ra7 37. Rb6 Bd6 38. Kf2 Bc7 39. Rb7 Rxa6 40. Rxc7
Ra2+ 41. Ke3 Re2+ 42. Kd3 Rxh2 43. f4 Nb5 44. Rc8+ Kg7 45. Rc5 Rg2 46. Rxe5
Rxg3+ 47. Ke2 Nd4+ 48. Ke1 Re3+ 49. Kd1 Rh3 50. Kc1 f6 0-1

[Event "Baku ol (Men) 42nd"]
[Site "Baku"]
[Date "2016.09.13"]
[Round "11.1"]
[White "Hansen, Sune Berg"]
[Black "Husbands, Orlando"]
[Result "1-0"]
[WhiteElo "2595"]
[BlackElo "2257"]
[PlyCount "53"]
[EventDate "2016.09.02"]
[EventType "team-swiss"]
[EventRounds "11"]
[EventCountry "AZE"]
[SourceTitle "EXT 2017"]
[Source "ChessBase"]
[SourceDate "2016.10.25"]
[WhiteTeam "Denmark"]
[BlackTeam "Barbados"]
[WhiteTeamCountry "DEN"]
[BlackTeamCountry "BAR"]

1. d4 Nf6 2. Nf3 d5 3. c4 e6 4. g3 Be7 5. Bg2 O-O 6. Qc2 dxc4 7. Qxc4 a6 8. Bf4
Nd5 9. Nc3 b5 10. Qd3 Bb7 11. Nxd5 Bxd5 12. O-O Nd7 13. Rfd1 c5 14. dxc5 Nxc5
15. Qe3 Qb6 16. Rxd5 exd5 17. Qxe7 Rfe8 18. Qd6 Qxd6 19. Bxd6 Na4 20. Be5 f6
21. Bd4 Rac8 22. e3 Red8 23. Ne1 Kf8 24. Kf1 Nc5 25. Bh3 Nd7 26. Nd3 Rc2 27.
Bc3 1-0

[Event "Baku ol (Men) 42nd"]
[Site "Baku"]
[Date "2016.09.13"]
[Round "11.2"]
[White "Del Castilho, Martyn Simon"]
[Black "Andersen, Mads"]
[Result "0-1"]
[WhiteElo "2248"]
[BlackElo "2535"]
[PlyCount "86"]
[EventDate "2016.09.02"]
[EventType "team-swiss"]
[EventRounds "11"]
[EventCountry "AZE"]
[SourceTitle "EXT 2017"]
[Source "ChessBase"]
[SourceDate "2016.10.25"]
[WhiteTeam "Barbados"]
[BlackTeam "Denmark"]
[WhiteTeamCountry "BAR"]
[BlackTeamCountry "DEN"]

1. e4 c5 2. Nf3 d6 3. d4 cxd4 4. Nxd4 Nf6 5. Nc3 a6 6. Bg5 e6 7. f4 Nbd7 8. Qe2
Qc7 9. O-O-O b5 10. a3 Bb7 11. g4 Be7 12. Bh4 h6 13. Kb1 Rc8 14. Rg1 g5 15.
fxg5 hxg5 16. Bxg5 Qb6 17. Qe1 Rxc3 18. Bxf6 Nxf6 19. Qxc3 Nxe4 20. Qe1 Bh4 21.
Qe2 Bf2 22. Bg2 Bxg1 23. Bxe4 Rxh2 24. Qd3 Bxd4 25. Bxb7 Qxb7 26. Qxd4 Qc6 27.
c4 Qg2 28. Qc3 bxc4 29. Ka2 d5 30. Qf6 Qf2 31. Qe5 Kf8 32. Qb8+ Kg7 33. Qe5+
Kg8 34. Rb1 d4 35. Qg5+ Kh7 36. Qa5 Qf3 37. Qe5 Qf2 38. Qa5 c3 39. Qxa6 Qf3 40.
Qc4 Qb7 41. Qf1 Kg8 42. g5 Rxb2+ 43. Ka1 Qb3 0-1

[Event "Baku ol (Men) 42nd"]
[Site "Baku"]
[Date "2016.09.13"]
[Round "11.3"]
[White "Glud, Jakob Vang"]
[Black "Poon, Yu Tien"]
[Result "1-0"]
[WhiteElo "2526"]
[BlackElo "2196"]
[PlyCount "84"]
[EventDate "2016.09.02"]
[EventType "team-swiss"]
[EventRounds "11"]
[EventCountry "AZE"]
[SourceTitle "EXT 2017"]
[Source "ChessBase"]
[SourceDate "2016.10.25"]
[WhiteTeam "Denmark"]
[BlackTeam "Barbados"]
[WhiteTeamCountry "DEN"]
[BlackTeamCountry "BAR"]

1. c4 Nf6 2. g3 c6 3. Nf3 d5 4. Bg2 e6 5. Qc2 b6 6. O-O Be7 7. d4 O-O 8. Rd1
Ba6 9. Nbd2 b5 10. c5 Nbd7 11. b4 Ne8 12. e4 Nc7 13. e5 Bb7 14. Nb3 f6 15. exf6
Bxf6 16. Bf4 g5 17. Bd6 g4 18. Ne5 Ne8 19. Bxf8 Bxe5 20. dxe5 Nxf8 21. Qd2 Ng6
22. Qh6 Ng7 23. Be4 Nxe5 24. Nd4 Qe7 25. Bxh7+ Kf7 26. Re1 Qf6 27. Qf4 Qxf4 28.
gxf4 Nf3+ 29. Nxf3 gxf3 30. a4 Nh5 31. f5 exf5 32. Bxf5 Kf6 33. Bd7 Nf4 34.
axb5 Rg8+ 35. Kh1 Nd3 36. Rf1 cxb5 37. Rxa7 Bc8 38. Bxc8 Rxc8 39. Ra3 Nxb4 40.
Rxf3+ Ke5 41. Re1+ Kd4 42. Rf4+ Kc3 1-0

[Event "Baku ol (Men) 42nd"]
[Site "Baku"]
[Date "2016.09.13"]
[Round "11.4"]
[White "Farley, Terry"]
[Black "Rasmussen, Allan Stig"]
[Result "1-0"]
[WhiteElo "2203"]
[BlackElo "2522"]
[PlyCount "79"]
[EventDate "2016.09.02"]
[EventType "team-swiss"]
[EventRounds "11"]
[EventCountry "AZE"]
[SourceTitle "EXT 2017"]
[Source "ChessBase"]
[SourceDate "2016.10.25"]
[WhiteTeam "Barbados"]
[BlackTeam "Denmark"]
[WhiteTeamCountry "BAR"]
[BlackTeamCountry "DEN"]

1. e4 c6 2. d4 d5 3. e5 Bf5 4. Nf3 e6 5. Be2 Nd7 6. O-O h6 7. Nbd2 Ne7 8. Nb3
Qc7 9. Bd2 g5 10. Ne1 a5 11. a4 Bg7 12. Rc1 Bg6 13. Nd3 b6 14. f4 Nf5 15. fxg5
hxg5 16. Bxg5 f6 17. Nf4 Bf7 18. exf6 Nxf6 19. Nh3 Ne4 20. Bf4 e5 21. dxe5 Bxe5
22. Bxe5 Qxe5 23. Qd3 c5 24. Qb5+ Ke7 25. Bg4 Be6 26. Qxb6 Rhb8 27. Qc6 Nd4 28.
Nxd4 Qxd4+ 29. Kh1 Bxg4 30. c3 Qe5 31. Nf4 Ng3+ 32. hxg3 Rh8+ 33. Nh3 Bxh3 34.
Qxc5+ Kd7 35. Qb5+ Ke7 36. Qc5+ Ke8 37. Rce1 Bf5+ 38. Kg1 Be4 39. Qc6+ Ke7 40.
Qb7+ 1-0